| 000 | 00576nam a2200205Ia 4500 | ||
|---|---|---|---|
| 003 | GCL | ||
| 008 | 140319s9999 xx 000 0 ara d | ||
| 040 |
_aGCL / _cGCL |
||
| 082 | 0 | 4 |
_a377.1 _bم م |
| 100 | 1 | _aمحمد قطب | |
| 245 | 1 | 0 |
_aمنهج التربية الاسلامية / _cمحمد قطب |
| 260 |
_a[S.N] : _bدار الشروق ، _c1993 |
||
| 300 | _a615 ص | ||
| 490 | _a | ||
| 650 | 0 | 4 | _aالتربية |
| 650 | 0 | 4 | _aالمناهج |
| 650 | 0 | 4 | _aالتربية الاسلامية |
| 650 | 0 | 4 | _aالتربية الاجتماعية |
| 942 |
_2ddc _cBK |
||
| 999 |
_c42510 _d42510 |
||